MARC details
| 000 -CABECERA |
| campo de control de longitud fija |
04176nam a2200481 a 4500 |
| 001 - NÚMERO DE CONTROL |
| campo de control |
dia_5074 |
| 003 - IDENTIFICADOR DEL NÚMERO DE CONTROL |
| campo de control |
CHAP |
| 005 - FECHA Y HORA DE LA ÚLTIMA TRANSACCIÓN |
| campo de control |
20250808124813.0 |
| 007 - CAMPO FIJO DE DESCRIPCIÓN FÍSICA--INFORMACIÓN GENERAL |
| campo de control de longitud fija |
ta |
| 008 - DATOS DE LONGITUD FIJA--INFORMACIÓN GENERAL |
| campo de control de longitud fija |
220117s2000 mx ado frm 001 0 spa d |
| 010 ## - NÚMERO DE CONTROL DE LA BIBLIOTECA DEL CONGRESO |
| Número de control de LC |
175900 |
| 040 ## - FUENTE DE LA CATALOGACIÓN |
| Centro/agencia transcriptor |
CHAP |
| Centro catalogador/agencia de origen |
mxchpua |
| 041 0# - CÓDIGO DE LENGUA |
| Código de lengua del texto/banda sonora o título independiente |
spa |
| Código de lengua del sumario o resumen |
eng |
| 090 ## - LOCALMENTE ASIGNADO TIPO-LC NÚMERO DE CLASIFICACIÓN (OCLC); NÚMERO DE CLASIFICACIÓN LOCAL (RLIN) |
| Número de clasificación (OCLC) (R) ; Numero de clasificación, CALL (RLIN) (NR) |
Tesis |
| Número cutter local (OCLC) ; Número de libro/Signatura topográfica íntegra, CALL (RLIN) |
C39 |
| año |
2000 |
| 100 1# - ENTRADA PRINCIPAL--NOMBRE DE PERSONA |
| Nombre de persona |
Cázares Sánchez, Esmeralda |
| 240 10 - TÍTULO UNIFORME |
| Título uniforme |
Treatment of ruminal contentof bovine mediating a anaerobic horizontal reactor. |
| Lenguaje de la obra |
Español |
| 245 10 - MENCIÓN DE TÍTULO |
| Título |
Tratamiento de contenido ruminal de bovinos mediante un biodigestor anaerobio horizontal / |
| Mención de responsabilidad, etc. |
Esmeralda Cázares Sánchez y Ciprián Antonio García Cabrera |
| 264 ## - PRODUCCIÓN, PUBLICACIÓN, DISTRIBUCIÓN, FABRICACIÓN Y COPYRIGHT |
| Producción, publicación, distribución, fabricación y copyright |
Chapingo, México : |
| Nombre del de productor, editor, distribuidor, fabricante |
El autor, |
| Fecha de producción, publicación, distribución, fabricación o copyright |
2000 |
| 300 ## - DESCRIPCIÓN FÍSICA |
| Extensión |
v, 71 hojas : |
| Otras características físicas |
ilustraciones, tablas, gráficas, fotografías |
| 336 ## - TIPO DE CONTENIDO |
| Fuente |
rdacontent |
| Término de tipo de contenido |
texto |
| Código de tipo de contenido |
txt |
| 337 ## - TIPO DE MEDIO |
| Fuente |
rdamedia |
| Nombre/término del tipo de medio |
no mediado |
| Código del tipo de medio |
n |
| 338 ## - TIPO DE SOPORTE |
| Fuente |
rdacarrier |
| Nombre/término del tipo de soporte |
volumen |
| Código del tipo de soporte |
nc |
| 502 ## - NOTA DE TESIS |
| Nota de tesis |
Tesis |
| Tipo de título |
(Ingeniero Agroindustrial) -- |
| Nombre de la institución que otorga el título |
UACh. Departamento de Ingeniería Agroindustrial, |
| Año de obtención del título |
2000 |
| 504 ## - NOTA DE BIBLIOGRAFÍA, ETC. |
| Nota de bibliografía, etc. |
Bibliografía: hojas 69-70 |
| 520 3# - SUMARIO, ETC. |
| Sumario, etc. |
Esta investigación se llevó a cabo en la Universidad Autónoma Chapingo, en el<br/>Departamento de Ingenieria Agroindustrial y consistió en el tratamiento del contenido ruminal de bovinos, evaluando las demandas quimica y bioquimica de oxigeno del mismo para lo cual se realizó la adaptación de un tanque metálico como biodigestor anaerobio obteniéndose la materia prima en un pequeño matadero de Jolalpan, en el Estado de México. Se trataron 127 litros de contenido ruminal en un biodigestor de 367 litros de capacidad produciéndose 254 litros de efluente y 0.8468m² de biogas Se realizaron los siguientes análisis para la materia prima (contenido ruminal): humedad, cenizas, nitrógeno, proteina, extracto etéreo, demanda bioquimica y química de oxigeno Durante el tiempo del experimento, para el efluente se monitoreo lo siguiente: temperatura de funcionamiento, pH, demanda quimica y bioquimica de oxigeno y producción de gas. Al término del experimento se caracterizó el efluente utilizandose los parámetros de: color,<br/>conductividad eléctrica, pH, materia orgánica, sólidos sedimentables totales, nitrógeno, fósforo, potasio, calcio, magnesio, hierro, zinc, cobre y manganeso Los resultados obtenidos arrojaron datos de abatimiento de la demanda química de oxigeno hasta un 90.02%, y de la demanda bioquimica hasta un 57.5% |
| 520 3# - SUMARIO, ETC. |
| Sumario, etc. |
This investigation was carried out at the Universidad Autbnoma Chapingo, in the<br/>Department of Agroindustrial Engineering and it consisted in the adaptation of a metallic tank as an anaerobic reactor; in which the chemical and biochemical oxygen demand of slaughtered bovine ruminal content. A 367 L reactor contained initially 127 L of ruminal fluids and produced 254L of effluent and 0.8468m² of biogas. Humidity, ashes, nitrogen, ethereal extract biochemical and chemical oxygen demand of the initial ruminal content was determinated. Temperature, pH, biochemical and chemical oxygen demand and production of gas were monitored during the experiment. Color, electric conductivity, pH, organic matter, total solid sediments, nitrogen,phosphorus, potassium, calcium, magnesium, iron, zinc, copper and manganese of the effluent were determinated at the end of the fermentation process. At the end of the experiment, the efluent chemical and biochemical oxygen demand were reduced 90.02% and 57.5% respectively. |
| 650 13 - PUNTO DE ACCESO ADICIONAL DE MATERIA--TÉRMINO DE MATERIA |
| Término de materia o nombre geográfico como elemento de entrada |
Digestores anaeróbicos |
| Fuente del encabezamiento o término |
atg |
| 650 13 - PUNTO DE ACCESO ADICIONAL DE MATERIA--TÉRMINO DE MATERIA |
| Término de materia o nombre geográfico como elemento de entrada |
Ganado bovino |
| Subdivisión general |
Mataderos |
| Fuente del encabezamiento o término |
atg |
| 650 13 - PUNTO DE ACCESO ADICIONAL DE MATERIA--TÉRMINO DE MATERIA |
| Término de materia o nombre geográfico como elemento de entrada |
Residuos de matadero |
| Fuente del encabezamiento o término |
atg |
| 650 12 - PUNTO DE ACCESO ADICIONAL DE MATERIA--TÉRMINO DE MATERIA |
| Término de materia o nombre geográfico como elemento de entrada |
Tratamiento de desechos |
| Fuente del encabezamiento o término |
atg |
| 650 13 - PUNTO DE ACCESO ADICIONAL DE MATERIA--TÉRMINO DE MATERIA |
| Término de materia o nombre geográfico como elemento de entrada |
Anaerobic digesters |
| Fuente del encabezamiento o término |
atg |
| 650 13 - PUNTO DE ACCESO ADICIONAL DE MATERIA--TÉRMINO DE MATERIA |
| Término de materia o nombre geográfico como elemento de entrada |
Cattle |
| Subdivisión general |
Slaughterhouses |
| Fuente del encabezamiento o término |
atg |
| 650 13 - PUNTO DE ACCESO ADICIONAL DE MATERIA--TÉRMINO DE MATERIA |
| Término de materia o nombre geográfico como elemento de entrada |
Slaughterhouse wastes |
| Fuente del encabezamiento o término |
atg |
| 650 13 - PUNTO DE ACCESO ADICIONAL DE MATERIA--TÉRMINO DE MATERIA |
| Término de materia o nombre geográfico como elemento de entrada |
Waste treatment |
| Fuente del encabezamiento o término |
atg |
| 700 1# - PUNTO DE ACCESO ADICIONAL--NOMBRE DE PERSONA |
| Nombre de persona |
García Cabrera, Ciprián Antonio |
| Término indicativo de función/relación |
autor |
| 700 1# - PUNTO DE ACCESO ADICIONAL--NOMBRE DE PERSONA |
| Nombre de persona |
Esparza Torres, Félix |
| Término indicativo de función/relación |
director |
| 700 1# - PUNTO DE ACCESO ADICIONAL--NOMBRE DE PERSONA |
| Nombre de persona |
Arias Chávez, Jesús |
| Término indicativo de función/relación |
asesor |
| 700 1# - PUNTO DE ACCESO ADICIONAL--NOMBRE DE PERSONA |
| Nombre de persona |
Martínez Romero, Salvador |
| Término indicativo de función/relación |
asesor |
| 901 ## - ELEMENTOS DE DATOS A LOCAL LDA (RLIN) |
| a |
TESIS C39 2000 |
| 942 ## - ELEMENTOS DE PUNTO DE ACCESO ADICIONAL (KOHA) |
| Tipo de ítem Koha |
TESIS |
| Fuente del sistema de clasificación o colocación |
Clasificación Universidad Autónoma Chapingo |
| 902 ## - ELEMENTOS DE DATOS B LOCAL, LDB (RLIN) |
| a |
M |
| 905 ## - ELEMENTOS DE DATOS E LOCAL, LDE (RLIN) |
| a |
5212272000 mx amn 8223223322spa16 |